Интерпретация магнитных анамалий, обусловленных пластообразными телами и контактами

Detalhes bibliográficos
Autor principal: Тяпкин К. Ф. Константин Федорович
Idioma:russo
Publicado em: Москва, Недра, 1973
Assuntos:
Formato: MixedMaterials Livro
KOHA link:https://koha.lib.tpu.ru/cgi-bin/koha/opac-detail.pl?biblionumber=162436

MARC

LEADER 00000nam0a2200000 4500
001 162436
005 20231031160357.0
035 |a (RuTPU)RU\TPU\book\176167 
090 |a 162436 
100 |a 20090622d1973 k y0rusy50 ca 
101 0 |a rus 
102 |a RU 
105 |a a z 001zy 
200 1 |a Интерпретация магнитных анамалий, обусловленных пластообразными телами и контактами  |f К. Ф. Тяпкин 
210 |a Москва  |c Недра  |d 1973 
215 |a 223 с.  |c черт. 
320 |a Библиогр.: с. 216-220. 
610 1 |a магнитные аномалии 
610 1 |a интерпретация 
610 1 |a пластообразные тела 
610 1 |a графические способы 
610 1 |a магнитные измерения 
675 |a 550.83.8  |v 3 
700 1 |a Тяпкин  |b К. Ф.  |g Константин Федорович 
801 1 |a RU  |b 63413507  |c 20090622  |g PSBO 
801 2 |a RU  |b 63413507  |c 20220310  |g RCR 
942 |c BK